000 01319aaa a2200289 4500
003 OSt
005 20230904092144.0
007 cr ||||||a|c|a
008 230825s2023 mx a|||fom||| 001 0 spa d
040 _eCHAP
100 1 _9187770
_aVivanco Sosa, Carlos Andrés
245 1 0 _aDistribución de la sequía sobre la población según el índice estandarizado de precipitación en México /
_cpor Carlos Andrés Vivanco Sosa ; director de tesis Alejandro Ismael Monterroso Rivas.
264 1 _aChapingo, México
_b El Autor,
_c2023.
300 _a1 recurso en línea (206 páginas):
_bcuadros, figuras.
336 _2rdacontent
_atexto
_btxt
337 _2rdamedia
_acomputadora
_bc
338 _2rdacarrier
_arecurso en línea
_bcr
502 _bIRNR
_cSuelos
_d2023.
_gLIC
504 _aIncluye referencias bibliográficas: páginas 74-80.
650 4 _9130479
_aSequias
_xAspectos ambientales
650 4 _9125202
_aSequías
_xAspectos económicos
650 4 _967326
_aLluvia
_xModelos matemáticos
650 4 _9129760
_aPrecipitación (Meteorología)
_xMétodos estadísticos
700 1 _977837
_aMonterroso Rivas, Alejandro Ismael
_eDirector de tesis.
856 _uhttp://10.13.5.2/tesis/tl/1712823-9_VIVANCO-SOSA_CARLOS_ANDRES.pdf
_zDESCARGAR PDF
942 _cTD
_2Clasificación Universidad Autónoma Chapingo
999 _c218209
_d218209